Un club de Football par pays d'Europe - Carte Quiz N°2 - Statistiques

Statistiques générales
  • Ce quiz a été pris 1 332 fois
  • Le résultat moyen est 15 sur 42
Réponses sur la Carte
Les réponses sont colorées sur une échelle allant du rouge au vert en fonction du pourcentage des utilisateurs qui les ont devinées à leur premier essai. Vous pouvez retrouver ces pourcentages ci-dessous.
 
Statistiques - réponses
Réponse % Correct
OGC Nice
84%
Brentford
76%
Girona
72%
Sporting CP
72%
US Lecce
66%
Schalke O4
64%
Union Saint-Gilloise
62%
Zenith
57%
FC Sion
55%
PAOK
55%
RB Salzbourg
51%
Flora Tallinn
38%
Brøndby
37%
Etoile Rouge de Belgrade
37%
Partizani Tirana
36%
Riga FC
36%
hajduk split
34%
Molde FK
34%
Olimpija Ljubljana
34%
Dnipro 1
33%
Dundalk FC
33%
FC Zimbru Chișinău
32%
Atlètic Club d'Escaldes
30%
Puskás Akadémia FC
29%
Go Ahead Eagles
28%
Budućnost Podgorica
26%
Djurgårdens IF
26%
FCSB
26%
Dinamo Brest
25%
Breiðablik Kopavogur
24%
FC Swift Hesperange
19%
Kauno Žalgiris
17%
Lokomotiv Plovdiv
17%
SP Tre Penne
17%
Gornik Zabzre
16%
Inter Turku
16%
FK Jablonec
15%
Borac Banja Luka
14%
DAC Dunajska Streda
12%
Drita
9%
Hamrun Spartans FC
9%
FC Struga
8%
Aucun quiz correspondant
Distribution des résultats
% des personnes avec chaque résultat
Percentile par nombre de réponses
Votre historique - résultats
Vous n’avez pas pris ce quiz